Statystyki dla Najbardziej wartościowe kluby w Ameryce Północnej.

Kliknij tutaj aby rozwiązać quiz!

Ogólne statystyki

  • Ten quiz został rozwiązany 19 razy
  • Średni wynik to 4 z 10

Statystyki odpowiedzi

#KlubPochodzenieWartość rynkowa% Poprawnych
8Toronto FC
60,05 mln €
68%
5Los Angeles FC
63,68 mln €
58%
4CF America
66,70 mln €
53%
10New York City FC
53,30 mln €
53%
2Tigres UANL
68,90 mln €
47%
6Deportivo Guadalajara
61,85 mln €
42%
1CF Monterrey
73,20 mln €
26%
3Atlanta United
67,18 mln €
11%
7Cruz Azul
60,20 mln €
11%
9Santos Laguna
58,90 mln €
0%

Rozkład punktacji

Percentyl według liczby udzielonych odpowiedzi

Procent ludzi z każdym wynikiem

Twoja historia wyników

Nie rozwiązałeś tego quizu